000 00658nam a2200205 a 4500
001 000956188
003 AM-YeHGA
005 20250617145929.0
008 130403s1892 ||| r 000 0 rus d
040 _aAM-YeHGA
041 0 _arus
100 1 _aГрановский, Тимофей Николаевич
245 1 0 _aСочинения /
_cТ.Н. Грановскаго.
250 _a3-е доп. изд.
260 _aМосква
_fТип. А.И. Мамонтова и К°
_c1892.
300 _aч.
505 1 _gЧ. 1 (445 c.: [1] л. портр.)
653 0 _aРусская историческая литература
090 _c322759
999 _c321020
_d321020